[Event "31st World Senior 65+"]
[Site "Citta del Mare ITA"]
[Date "2023.11.01"]
[Round "7.10"]
[White "Jansa, Vlastimil"]
[Black "Wahlbom, Magnus"]
[Result "1/2-1/2"]
[WhiteTitle "GM"]
[WhiteElo "2358"]
[BlackElo "2150"]
[WhiteFideId "300128"]
[BlackFideId "1700685"]
[EventDate "2023.10.25"]

1. e4 c5 2. Nf3 d6 3. d4 cxd4 4. Nxd4 Nf6 5. Nc3 a6 6. Bd3 g6 7. f3 Bg7 8. Be3
Nc6 9. Nxc6 bxc6 10. Qd2 Rb8 11. O-O-O Qa5 12. a3 Be6 13. Bh6 Bxh6 14. Qxh6 Qb6
15. Na4 Qa5 16. Nc3 Qb6 17. b3 Nd7 18. Na4 Qd4 19. Bxa6 Qa1+ 20. Kd2 Qxa3 21.
Qg7 Rf8 22. Qc3 Qb4 23. Ra1 f5 24. Rhe1 f4 25. Qxb4 Rxb4 26. Nb2 Ne5 27. Nd3
Nxd3 28. Bxd3 Kf7 29. e5 d5 30. Ra4 Rxa4 31. bxa4 Ra8 32. Ra1 Ra5 33. Kc3 c5 34.
Bb5 Bc8 35. Bc6 Ke6 36. Re1 Bd7 37. Bxd7+ Kxd7 38. Kb3 Ke6 39. g3 1/2-1/2

[Event "31st World Senior 65+"]
[Site "Citta del Mare ITA"]
[Date "2023.11.01"]
[Round "7.11"]
[White "Birnboim, Nathan"]
[Black "Meulders, Richard"]
[Result "1-0"]
[WhiteTitle "IM"]
[BlackTitle "FM"]
[WhiteElo "2342"]
[BlackElo "2134"]
[WhiteFideId "2800209"]
[BlackFideId "200123"]
[EventDate "2023.10.25"]

1. d4 Nf6 2. c4 e6 3. g3 c5 4. Nf3 cxd4 5. Nxd4 Nc6 6. Bg2 Bc5 7. Nb3 Be7 8. Nc3
d6 9. O-O O-O 10. Bf4 e5 11. Bd2 Bg4 12. h3 Be6 13. Nd5 Qd7 14. Kh2 Bd8 15. Be3
Ne7 16. Rc1 Nf5 17. Bd2 Rc8 18. e4 Nd4 19. Nxd4 exd4 20. Qb3 Re8 21. Qd3 Qa4 22.
b3 Qa6 23. a4 Bxd5 24. exd5 Nd7 25. Qxd4 Nc5 26. Qg4 Bf6 27. Bc3 h5 28. Qxh5
Nxb3 29. Bxf6 gxf6 30. Rc3 Nd2 31. Rfc1 Qb6 32. Qg4+ Kf8 33. Qf4 Re2 34. Re3
Rxe3 35. fxe3 Qb2 36. Rd1 Nxc4 37. Rd4 Qc3 38. Qxf6 Rc5 39. Qd8+ 1-0

[Event "31st World Senior 65+"]
[Site "Citta del Mare ITA"]
[Date "2023.11.01"]
[Round "7.12"]
[White "Renman, Nils-Gustaf"]
[Black "Wengholm, Anders"]
[Result "1-0"]
[WhiteTitle "IM"]
[WhiteElo "2324"]
[BlackElo "2142"]
[WhiteFideId "1700367"]
[BlackFideId "1704818"]
[EventDate "2023.10.25"]

1. d4 d6 2. Nf3 g6 3. c4 Bg7 4. Nc3 e5 5. e4 Nc6 6. Bg5 f6 7. Be3 Bh6 8. Bxh6
Nxh6 9. Qd2 Nf7 10. h3 O-O 11. O-O-O Kg7 12. Qe3 Bd7 13. dxe5 dxe5 14. c5 Rc8
15. Bb5 Qe8 16. Rd2 Nfd8 17. Rhd1 Rf7 18. g4 h6 19. Bc4 Be6 20. Bd5 b6 21. h4
Re7 22. g5 fxg5 23. hxg5 h5 24. Bxe6 Rxe6 25. Nd5 Nf7 26. Kb1 Qf8 27. Rc1 Ne7
28. Nf6 Ng8 29. Qb3 Rc6 30. Nxg8 Qxg8 31. Rd7 Re8 32. Qd5 Rce6 33. Rxc7 bxc5 34.
Rxa7 R6e7 35. Rxe7 Rxe7 36. Qxc5 Qd8 37. Qc3 Re6 38. Qc4 Qb6 39. a3 Rd6 40. Qc5
Qxc5 41. Rxc5 Rd1+ 42. Rc1 Rd3 43. Rc3 Rxc3 44. bxc3 Nd6 45. a4 Nxe4 46. Kc2 Nc5
47. a5 e4 48. Nh4 Kf7 49. c4 Ke6 50. Kc3 Kd6 51. Nxg6 Ne6 52. a6 Kc7 53. c5 Nxg5
54. Kd4 Ne6+ 55. Kd5 Nd8 56. Kxe4 Nc6 57. f4 Nb4 58. a7 Kb7 59. f5 Nc6 60. Ne5
Nd8 61. f6 Kxa7 62. Kd5 1-0

[Event "31st World Senior 65+"]
[Site "Citta del Mare ITA"]
[Date "2023.11.01"]
[Round "7.13"]
[White "Van Riemsdijk, Herman C."]
[Black "Giacomini, Hector"]
[Result "1/2-1/2"]
[WhiteTitle "IM"]
[WhiteElo "2257"]
[BlackElo "2127"]
[WhiteFideId "2100053"]
[BlackFideId "605352"]
[EventDate "2023.10.25"]

1. e4 c6 2. d4 d5 3. exd5 cxd5 4. c4 Nf6 5. Nc3 e6 6. Nf3 Be7 7. cxd5 Nxd5 8.
Bd3 Nc6 9. O-O O-O 10. Re1 Nf6 11. a3 b6 12. Bc2 Ba6 13. b4 Bc4 14. Bb2 Rc8 15.
Rc1 Qd6 16. Ne2 b5 17. Bd3 Bxd3 18. Qxd3 a6 19. Ng3 Rfd8 20. Rc2 Bf8 21. Rec1
Ne7 22. Ne4 1/2-1/2

[Event "31st World Senior 65+"]
[Site "Citta del Mare ITA"]
[Date "2023.11.01"]
[Round "7.14"]
[White "Frick, Christoph"]
[Black "Werner, Clemens"]
[Result "1/2-1/2"]
[WhiteTitle "FM"]
[BlackTitle "FM"]
[WhiteElo "2113"]
[BlackElo "2230"]
[WhiteFideId "4607090"]
[BlackFideId "4604636"]
[EventDate "2023.10.25"]

1. d4 d5 2. Bf4 c5 3. e3 cxd4 4. exd4 Nc6 5. c3 Nf6 6. Nf3 Bf5 7. Be2 e6 8. Nbd2
Bd6 9. Bxd6 Qxd6 10. Nf1 O-O 11. Ne3 1/2-1/2

[Event "31st World Senior 65+"]
[Site "Citta del Mare ITA"]
[Date "2023.11.01"]
[Round "7.15"]
[White "Reprintsev, Alexander"]
[Black "Staub, Gerhard"]
[Result "1/2-1/2"]
[WhiteTitle "IM"]
[WhiteElo "2227"]
[BlackElo "2097"]
[WhiteFideId "14100541"]
[BlackFideId "4699068"]
[EventDate "2023.10.25"]

1. e4 c5 2. b3 Nf6 3. e5 Nd5 4. Nc3 Nc7 5. d4 cxd4 6. Qxd4 Nc6 7. Qe4 d5 8. exd6
Qxd6 9. Bb2 e5 10. f4 Qg6 11. Qxg6 hxg6 12. fxe5 Nxe5 13. O-O-O f6 14. Nb5 Nxb5
15. Bxe5 a6 16. a4 fxe5 17. axb5 Ba3+ 18. Kb1 Bg4 19. Re1 axb5 20. Bxb5+ Kf8 21.
Rxe5 Be7 22. Ba4 Bf6 23. Rb5 Rd8 24. Nh3 Bxh3 25. gxh3 Rxh3 26. Rxb7 Rxh2 27.
Rg1 Rg2 28. Rc1 Ra8 29. Rh1 Kg8 30. Rc7 g5 31. c3 Ra5 32. Bc6 Rd2 33. Rc8+ Kf7
34. Be8+ Ke7 35. Re1+ Re5 36. Rxe5+ Bxe5 37. Bh5 Rh2 38. Bd1 Rd2 39. Bh5 Rh2 40.
Bd1 1/2-1/2

[Event "31st World Senior 65+"]
[Site "Citta del Mare ITA"]
[Date "2023.11.02"]
[Round "8.1"]
[White "Campora, Daniel H."]
[Black "Chapman, Terry P D"]
[Result "1/2-1/2"]
[WhiteTitle "GM"]
[BlackTitle "FM"]
[WhiteElo "2343"]
[BlackElo "2284"]
[WhiteFideId "100013"]
[BlackFideId "413399"]
[EventDate "2023.10.25"]

1. e4 c6 2. d4 d5 3. exd5 cxd5 4. Bd3 Nc6 5. c3 Nf6 6. h3 g6 7. Nf3 Bf5 8. Bxf5
gxf5 9. O-O Qc7 10. Ne5 e6 11. Nd3 Bd6 12. Qf3 Ne4 13. Bf4 O-O-O 14. Bxd6 Qxd6
15. Qf4 1/2-1/2

[Event "31st World Senior 65+"]
[Site "Citta del Mare ITA"]
[Date "2023.11.02"]
[Round "8.2"]
[White "Knaak, Rainer"]
[Black "Nunn, John D M"]
[Result "1/2-1/2"]
[WhiteTitle "GM"]
[BlackTitle "GM"]
[WhiteElo "2451"]
[BlackElo "2560"]
[WhiteFideId "4611250"]
[BlackFideId "400017"]
[EventDate "2023.10.25"]

1. d4 Nf6 2. c4 g6 3. Nc3 Bg7 4. e4 d6 5. h3 O-O 6. Bg5 c5 7. d5 e6 8. Nf3 exd5
9. cxd5 Re8 10. Bd3 b6 11. O-O Ba6 12. Bxa6 Nxa6 13. Re1 Nc7 14. a4 a6 15. Qd2
b5 16. e5 b4 17. Ne4 Nxe4 18. Rxe4 Qd7 19. Rae1 Qxa4 20. Rh4 Qd7 21. Bh6 Bxe5
22. Rxe5 Rxe5 23. Nxe5 dxe5 24. d6 Ne8 25. Bf8 Kxf8 26. Qh6+ Ng7 27. Qxh7 Qxd6
28. Qh8+ Ke7 29. Qxa8 Ne6 1/2-1/2

[Event "31st World Senior 65+"]
[Site "Citta del Mare ITA"]
[Date "2023.11.02"]
[Round "8.3"]
[White "Legky, Nikolay A"]
[Black "Vaganian, Rafael A"]
[Result "1/2-1/2"]
[WhiteTitle "GM"]
[BlackTitle "GM"]
[WhiteElo "2348"]
[BlackElo "2493"]
[WhiteFideId "14100312"]
[BlackFideId "13300016"]
[EventDate "2023.10.25"]

1. d4 d5 2. c4 e6 3. Nf3 Nf6 4. Nc3 Be7 5. Bg5 h6 6. Bh4 O-O 7. e3 b6 8. cxd5
Nxd5 9. Bxe7 Qxe7 10. Nxd5 exd5 11. Rc1 Be6 12. Qa4 c5 13. Qa3 Rc8 14. Be2 1/2-1/2

[Event "31st World Senior 65+"]
[Site "Citta del Mare ITA"]
[Date "2023.11.02"]
[Round "8.4"]
[White "Balashov, Yuri S"]
[Black "Rooze, Jan"]
[Result "0-1"]
[WhiteTitle "GM"]
[BlackTitle "IM"]
[WhiteElo "2390"]
[BlackElo "2245"]
[WhiteFideId "4100263"]
[BlackFideId "200050"]
[EventDate "2023.10.25"]

1. d4 Nf6 2. c4 e6 3. Nc3 Bb4 4. Nf3 b6 5. Bg5 Bb7 6. Nd2 h6 7. Bh4 O-O 8. a3
Be7 9. e4 d6 10. Bg3 c5 11. d5 e5 12. f3 Nbd7 13. Bf2 Re8 14. g3 Nf8 15. h4 Bc8
16. Bd3 a6 17. a4 Ng6 18. h5 Nf8 19. Nf1 N6h7 20. f4 exf4 21. gxf4 f5 22. e5
dxe5 23. fxe5 Nd7 24. e6 Ne5 25. Bg3 Nxd3+ 26. Qxd3 Bxe6 27. O-O-O Bd7 28. Bf4
Bg5 29. Bxg5 Qxg5+ 30. Nd2 Re3 31. Qf1 Nf6 32. Kb1 Rae8 33. Rg1 Qxh5 34. Qf4 Qf7
35. Qxh6 Re1 36. Qg5 Rxd1+ 37. Nxd1 Ng4 38. Nc3 Qf6 39. Qxf6 Nxf6 40. a5 b5 41.
b3 b4 42. Nd1 Re2 43. Kc1 Ng4 44. Nb2 Ne5 45. Kc2 Rxd2+ 0-1

[Event "31st World Senior 65+"]
[Site "Citta del Mare ITA"]
[Date "2023.11.02"]
[Round "8.5"]
[White "Doncevic, Dario"]
[Black "Ftacnik, Lubomir"]
[Result "0-1"]
[WhiteTitle "IM"]
[BlackTitle "GM"]
[WhiteElo "2219"]
[BlackElo "2451"]
[WhiteFideId "14504553"]
[BlackFideId "14900017"]
[EventDate "2023.10.25"]

1. e4 c5 2. Nf3 d6 3. d4 cxd4 4. Nxd4 Nf6 5. Nc3 a6 6. Bc4 e6 7. O-O b5 8. Bb3
Be7 9. Be3 Qc7 10. f4 Nc6 11. f5 Nxd4 12. Bxd4 O-O 13. fxe6 Bxe6 14. Nd5 Nxd5
15. exd5 Bd7 16. Qh5 f5 17. Rae1 Bf6 18. Bxf6 Rxf6 19. Re7 Raf8 20. Kh1 Qd8 21.
Rfe1 f4 22. c3 Rf5 23. Qh4 h6 24. Bc2 Rg5 25. Qf2 f3 26. g3 Bh3 27. R1e3 Bg2+
28. Kg1 Qc8 29. Be4 Qg4 30. Bxf3 Bxf3 31. Re8 Rf5 32. Rxf8+ Rxf8 33. h3 Qf5 0-1

[Event "31st World Senior 65+"]
[Site "Citta del Mare ITA"]
[Date "2023.11.02"]
[Round "8.7"]
[White "Roos, Jean-Luc"]
[Black "Birnboim, Nathan"]
[Result "1/2-1/2"]
[WhiteTitle "IM"]
[BlackTitle "IM"]
[WhiteElo "2156"]
[BlackElo "2342"]
[WhiteFideId "600601"]
[BlackFideId "2800209"]
[EventDate "2023.10.25"]

1. Nf3 Nf6 2. c4 e6 3. d4 d5 4. g3 Be7 5. Bg2 O-O 6. O-O b6 7. Nc3 Bb7 8. Ne5
Na6 9. cxd5 exd5 10. Bf4 Qc8 11. Qb3 Qe6 12. Nd3 Rfd8 13. Be5 Qd7 14. Nf4 c6 15.
Rad1 Qe8 16. e4 Nxe4 17. Nxe4 dxe4 18. Bxe4 Bd6 19. Nd3 Nc7 20. Rfe1 Qf8 21. Qc2
Rab8 22. Bxd6 Rxd6 23. Ne5 h6 24. Bxc6 Ne6 25. Bxb7 Rxb7 26. d5 Rc7 27. Qe2 Nc5
28. Nc6 Rcd7 29. b4 Na4 30. Rd3 g6 31. Re3 Qg7 32. Re8+ Kh7 33. Ne5 Rc7 34. Qf3
Nc3 35. Ng4 Nxd5 36. Rd1 h5 37. Ne5 Nf6 38. Rd8 Rxd1+ 39. Rxd1 Ng8 40. Qd5 Qf6
41. Rd4 Ne7 42. Qe4 Nf5 43. Rd2 Qe6 44. Qd5 Rc1+ 45. Kg2 Ne3+ 46. fxe3 Rc2 47.
Kf3 Rxd2 48. Qxd2 Qf5+ 49. Ke2 Qxe5 50. a4 Qf5 51. a5 bxa5 52. bxa5 a6 53. h4
Qe5 54. Kf2 Kg7 55. Qb4 Qf5+ 1/2-1/2

[Event "31st World Senior 65+"]
[Site "Citta del Mare ITA"]
[Date "2023.11.02"]
[Round "8.8"]
[White "Renman, Nils-Gustaf"]
[Black "Moen, Ole Christian"]
[Result "1-0"]
[WhiteTitle "IM"]
[BlackTitle "FM"]
[WhiteElo "2324"]
[BlackElo "2157"]
[WhiteFideId "1700367"]
[BlackFideId "1500457"]
[EventDate "2023.10.25"]

1. d4 Nf6 2. c4 g6 3. Nc3 Bg7 4. e4 d6 5. Nf3 O-O 6. Be2 e5 7. O-O Nc6 8. d5 Ne7
9. Ne1 Ne8 10. Nd3 f5 11. f3 f4 12. a4 g5 13. b4 Ng6 14. c5 h5 15. a5 Rf7 16. c6
bxc6 17. dxc6 Be6 18. Nf2 Nf6 19. Ra3 a6 20. Kh1 Qe8 21. b5 axb5 22. Bxb5 g4 23.
g3 Bh6 24. fxg4 hxg4 25. Nd5 Rb8 26. Bc4 Qxc6 27. Nxf6+ Rxf6 28. Bd5 Bxd5 29.
exd5 Qc4 30. Nxg4 Bg5 31. Nxf6+ Bxf6 32. gxf4 Nh4 33. Rg3+ Bg7 34. fxe5 Qe4+ 35.
Kg1 Nf5 36. Rg4 Qxe5 37. Qd3 Nd4 38. Bh6 1-0

[Event "31st World Senior 65+"]
[Site "Citta del Mare ITA"]
[Date "2023.11.02"]
[Round "8.10"]
[White "Jansa, Vlastimil"]
[Black "Madeira, Wagner Martins"]
[Result "0-1"]
[WhiteTitle "GM"]
[BlackTitle "FM"]
[WhiteElo "2358"]
[BlackElo "2012"]
[WhiteFideId "300128"]
[BlackFideId "2100797"]
[EventDate "2023.10.25"]

1. e4 c5 2. Nf3 Nc6 3. Bb5 Nf6 4. Nc3 Qc7 5. O-O e6 6. Re1 Be7 7. e5 Nd5 8. Nxd5
exd5 9. d4 a6 10. Bd3 c4 11. Bf1 O-O 12. g3 d6 13. Bg2 Bg4 14. Bf4 dxe5 15. dxe5
Rad8 16. h3 Bh5 17. g4 Bg6 18. c3 Be4 19. Qd2 b5 20. Nd4 Bxg2 21. Kxg2 Nxd4 22.
cxd4 b4 23. Rac1 Rc8 24. b3 c3 25. Qd3 Qc6 26. Rc2 a5 27. Bc1 a4 28. f4 axb3 29.
axb3 Ra8 30. f5 Ra1 31. Rf1 Rfa8 32. f6 Bf8 33. fxg7 Bxg7 34. Rff2 Rb1 35. Qf3
Qe6 36. Qd3 Raa1 37. Be3 Rxb3 38. Qb5 h5 39. gxh5 Rbb1 40. Rf3 Rb2 41. Rff2 Rxc2
42. Rxc2 Re1 43. Bf2 Qf5 44. Ra2 c2 45. Qe8+ Kh7 46. Rxc2 Qxc2 47. Qxf7 Re2 0-1

[Event "31st World Senior 65+"]
[Site "Citta del Mare ITA"]
[Date "2023.11.02"]
[Round "8.11"]
[White "Furman, Boris"]
[Black "Roos, Louis"]
[Result "1/2-1/2"]
[WhiteTitle "FM"]
[BlackTitle "IM"]
[WhiteElo "2134"]
[BlackElo "2257"]
[WhiteFideId "4107187"]
[BlackFideId "600288"]
[EventDate "2023.10.25"]

1. d4 d5 2. c4 e6 3. cxd5 exd5 4. Nc3 c6 5. Bf4 Bf5 6. e3 Nd7 7. f3 Qb6 8. Qd2
Ngf6 9. g4 Be6 10. Bd3 h6 11. Nge2 Be7 12. Bg3 c5 13. Na4 Qc6 14. Nxc5 Nxc5 15.
dxc5 Bxc5 16. Be5 Qb6 17. Bd4 Rc8 18. Rc1 Bxd4 19. Rxc8+ Bxc8 20. exd4 Bd7 21.
O-O O-O 22. Rc1 Bb5 23. Bxb5 Qxb5 24. Rc5 Qd7 25. Nf4 Re8 26. Rc3 Qd6 27. Nd3
Nh7 28. Qf4 Qb6 29. Rb3 Qa6 30. Ra3 Qb6 31. Rb3 Qa6 32. Ra3 Qb5 33. Rb3 Qa4 34.
Rxb7 Ng5 35. Nf2 Qxd4 36. Qxd4 Nxf3+ 37. Kg2 Nxd4 38. Rxa7 Re2 39. Rb7 Nc6 40.
Kf3 Nd4+ 41. Kg2 Nc6 42. Kf3 Nd4+ 43. Kg2 Nc6 1/2-1/2

[Event "31st World Senior 65+"]
[Site "Citta del Mare ITA"]
[Date "2023.11.02"]
[Round "8.12"]
[White "Frick, Christoph"]
[Black "Van Riemsdijk, Herman C."]
[Result "1-0"]
[WhiteTitle "FM"]
[BlackTitle "IM"]
[WhiteElo "2113"]
[BlackElo "2257"]
[WhiteFideId "4607090"]
[BlackFideId "2100053"]
[EventDate "2023.10.25"]

1. d4 Nf6 2. Bf4 g6 3. Nc3 d5 4. e3 Bg7 5. h4 a6 6. Be2 h6 7. Nf3 Nbd7 8. Ne5 c6
9. Qd2 Nxe5 10. Bxe5 b5 11. f3 h5 12. Nd1 Kf8 13. Nf2 Nd7 14. Bxg7+ Kxg7 15.
O-O-O Nb6 16. Rdg1 e6 17. e4 Ra7 18. g4 hxg4 19. Rxg4 e5 20. Rg5 f6 21. Rg2 dxe4
22. Rhg1 Rh6 23. h5 e3 24. Rxg6+ Rxg6 25. Rxg6+ Kf7 26. Qxe3 Qxd4 27. Qh6 Qf4+
28. Qxf4 exf4 29. Ne4 Be6 30. Rxf6+ Ke7 31. Rxf4 Nd5 32. Rh4 Kf8 33. h6 Kg8 34.
Bd3 Kh8 35. Ng5 1-0

[Event "31st World Senior 65+"]
[Site "Citta del Mare ITA"]
[Date "2023.11.02"]
[Round "8.13"]
[White "Werner, Clemens"]
[Black "Blomstrom, Lars"]
[Result "1/2-1/2"]
[WhiteTitle "FM"]
[WhiteElo "2230"]
[BlackElo "2041"]
[WhiteFideId "4604636"]
[BlackFideId "1704281"]
[EventDate "2023.10.25"]

1. e4 e5 2. Bc4 Bc5 3. Nf3 Nc6 4. O-O d6 5. c3 Bb6 6. Bb3 Nf6 7. d3 h6 8. Nbd2
Ne7 9. Nc4 Ng6 10. Re1 O-O 11. a4 c6 12. Nxb6 axb6 13. h3 b5 14. Be3 bxa4 15.
Bxa4 Be6 16. Bc2 Rxa1 17. Qxa1 Nh5 18. d4 Qf6 19. Qd1 Nhf4 20. Kh2 Ra8 21. Ng1
Nh4 22. g3 Nxh3 23. Nxh3 Nf3+ 24. Kg2 Nxe1+ 25. Qxe1 Ra2 26. Qb1 Qd8 27. d5
Bxh3+ 28. Kxh3 Qa5 29. dxc6 bxc6 30. Qc1 Qb5 31. b3 Qe2 32. Bb1 Ra1 33. Kg2 Kh8
34. c4 c5 35. Bd3 Rxc1 36. Bxe2 Rb1 37. f4 Rxb3 38. Kf2 f6 39. fxe5 fxe5 40. Bg4
Kg8 41. Be6+ Kf8 42. Bd5 1/2-1/2

[Event "31st World Senior 65+"]
[Site "Citta del Mare ITA"]
[Date "2023.11.02"]
[Round "8.14"]
[White "Taylor, Timothy"]
[Black "Reprintsev, Alexander"]
[Result "0-1"]
[WhiteTitle "IM"]
[BlackTitle "IM"]
[WhiteElo "2112"]
[BlackElo "2227"]
[WhiteFideId "2000393"]
[BlackFideId "14100541"]
[EventDate "2023.10.25"]

1. d4 d5 2. Nf3 Nf6 3. c4 e6 4. cxd5 exd5 5. Nc3 Be7 6. Bf4 O-O 7. e3 Bf5 8. Bd3
Bxd3 9. Qxd3 Nbd7 10. O-O c6 11. h3 Re8 12. Rab1 a5 13. a3 Bf8 14. Bg5 h6 15.
Bh4 Bd6 16. Ne2 Qb6 17. Bg3 Ne4 18. Bxd6 Nxd6 19. a4 Qa6 20. Qxa6 Rxa6 21. Rfc1
f6 22. Nd2 Kf7 23. b3 g5 24. g4 Kg6 25. Ng3 Raa8 26. Rc3 Re7 27. f3 Rf8 28. e4
dxe4 29. fxe4 Rd8 30. b4 Ra8 31. bxa5 Rxa5 32. Nf5 Nxf5 33. gxf5+ Kf7 34. Rxb7
Rxa4 35. Nc4 Kf8 36. Kf2 Ra2+ 37. Kg3 h5 38. Rcb3 h4+ 39. Kf3 Rh2 40. Nd6 c5 41.
Rb8+ Nxb8 42. Rxb8+ Kg7 43. Ne8+ Rxe8 44. Rxe8 Rxh3+ 45. Kg4 Rg3+ 46. Kh5 h3 47.
Re7+ Kf8 48. Rh7 cxd4 49. e5 fxe5 50. Kg6 Rf3 51. f6 Ke8 52. Kxg5 d3 53. Re7+
Kf8 54. Rd7 h2 55. Kg6 Rg3+ 56. Kf5 h1=Q 57. Ke6 Qc6+ 0-1

[Event "31st World Senior 65+"]
[Site "Citta del Mare ITA"]
[Date "2023.11.02"]
[Round "8.15"]
[White "Djuric, Stefan"]
[Black "Smolin, Sergey1"]
[Result "1/2-1/2"]
[WhiteTitle "GM"]
[BlackTitle "IM"]
[WhiteElo "2223"]
[BlackElo "2023"]
[WhiteFideId "900133"]
[BlackFideId "4131177"]
[EventDate "2023.10.25"]

1. d4 g6 2. e4 Bg7 3. Nf3 d6 4. Bc4 a6 5. O-O e6 6. Re1 Ne7 7. c3 h6 8. Nbd2 Nd7
9. a4 b6 10. Nf1 Bb7 11. Ng3 d5 12. exd5 Nxd5 13. Qe2 O-O 14. Bd2 c5 15. Rac1
Qc7 16. Ne5 Nxe5 17. dxe5 Qc6 18. Qe4 Ne7 19. Bf1 Qd7 20. Qc2 Rfd8 21. Rcd1 Qc7
22. f4 Rd7 23. Bc1 Rad8 24. Rxd7 Qxd7 25. Ne4 Bxe4 26. Qxe4 b5 27. axb5 axb5 28.
Be3 c4 29. Ra1 Nd5 30. Bf2 Bf8 31. g3 Qc6 32. Qd4 Ra8 33. Rxa8 Qxa8 34. Qa7 Qc6
35. h4 h5 36. Bg2 Kg7 37. Bf3 Qc8 38. Bd4 Qc6 39. Kf2 Kg8 40. Qb8 Kg7 41. Qa7
Kg8 42. Ke2 b4 43. f5 bxc3 44. fxg6 fxg6 45. bxc3 Qb5 46. Qa2 Ne7 47. Be4 Nf5
48. Kf3 Kf7 49. Qb1 Qa5 50. Kg2 Bc5 51. Bxf5 gxf5 52. Qb7+ Be7 53. Qf3 Qd5 54.
Kf2 Qxf3+ 55. Kxf3 Kg6 56. Bb6 Ba3 57. Ke3 Bc1+ 58. Kf3 Bd2 59. Bd4 Be1 1/2-1/2

[Event "31st World Senior 65+"]
[Site "Citta del Mare ITA"]
[Date "2023.11.02"]
[Round "8.16"]
[White "Staub, Gerhard"]
[Black "Petran, Peter"]
[Result "0-1"]
[BlackTitle "IM"]
[WhiteElo "2097"]
[BlackElo "2192"]
[WhiteFideId "4699068"]
[BlackFideId "14900114"]
[EventDate "2023.10.25"]

1. e4 c6 2. d4 d5 3. f3 g6 4. Nc3 Bg7 5. Be3 dxe4 6. fxe4 Nf6 7. Nf3 O-O 8. Qd2
Ng4 9. Bg5 h6 10. Bh4 Nf6 11. Be2 a5 12. O-O Na6 13. Rad1 Nc7 14. a4 Be6 15. Ne5
Nd7 16. Nc4 Bxc4 17. Bxc4 Nf6 18. e5 Nfd5 19. Ne4 b5 20. Bb3 Kh7 21. Rf3 f5 22.
exf6 exf6 23. c3 Qd7 24. Rdf1 f5 25. Nc5 Qf7 26. Bg3 Rac8 27. Nd3 Qd7 28. Ne5
Bxe5 29. Bxe5 Nf6 30. Rh3 Ng4 31. Bd1 h5 32. Bxg4 fxg4 33. Re3 Rxf1+ 34. Kxf1
Rf8+ 35. Kg1 Nd5 36. Re1 Qf5 37. Qe2 bxa4 38. Bd6 Rf7 39. Rf1 Qxf1+ 40. Qxf1
Rxf1+ 41. Kxf1 Ne3+ 42. Kg1 Nc4 43. Ba3 Kg7 44. Kf2 Kf6 45. Ke2 Ke6 46. Kd3 Kd5
47. Kc2 Ke4 0-1

[Event "31st World Senior 65+"]
[Site "Citta del Mare ITA"]
[Date "2023.11.03"]
[Round "9.1"]
[White "Rooze, Jan"]
[Black "Campora, Daniel H."]
[Result "0-1"]
[WhiteTitle "IM"]
[BlackTitle "GM"]
[WhiteElo "2245"]
[BlackElo "2343"]
[WhiteFideId "200050"]
[BlackFideId "100013"]
[EventDate "2023.10.25"]

1. e4 e5 2. Nf3 Nc6 3. Bc4 Bc5 4. d3 Nf6 5. O-O d6 6. a4 a5 7. c3 O-O 8. Re1 Be6
9. b3 h6 10. Ra2 Re8 11. Bxe6 fxe6 12. Rae2 Ba7 13. Nbd2 Nh5 14. Nc4 Nf4 15.
Bxf4 exf4 16. d4 Qd7 17. d5 Ne7 18. Nxa5 e5 19. Nc4 g5 20. h3 Kh7 21. Rd2 Ng8
22. Nh2 Qg7 23. Rd3 Qg6 24. Kf1 h5 25. Nd2 Nf6 26. g4 fxg3 27. Rxg3 Rg8 28. Ndf3
g4 29. Nh4 Qg5 30. Ng2 Raf8 31. h4 Qg6 32. Qc2 Nxe4 0-1

[Event "31st World Senior 65+"]
[Site "Citta del Mare ITA"]
[Date "2023.11.03"]
[Round "9.2"]
[White "Chapman, Terry P D"]
[Black "Knaak, Rainer"]
[Result "0-1"]
[WhiteTitle "FM"]
[BlackTitle "GM"]
[WhiteElo "2284"]
[BlackElo "2451"]
[WhiteFideId "413399"]
[BlackFideId "4611250"]
[EventDate "2023.10.25"]

1. Nf3 d5 2. c4 e6 3. g3 dxc4 4. Qa4+ Nd7 5. Qxc4 a6 6. Bg2 b5 7. Qc2 Bb7 8. O-O
c5 9. d3 Ngf6 10. a4 Be7 11. Nc3 b4 12. Nb1 a5 13. Rd1 Nd5 14. e4 N5b6 15. Be3
e5 16. Nbd2 O-O 17. Rac1 Qb8 18. b3 Rd8 19. Bh3 Ba6 20. Nc4 Bxc4 21. dxc4 Qc7
22. Ne1 Nf8 23. Nd3 Ne6 24. Bxe6 fxe6 25. Qb2 Bd6 26. f3 Rd7 27. Qf2 Rad8 28.
Rd2 Be7 29. Rcd1 h6 30. h4 Nc8 31. Kf1 Na7 32. Ke2 Rc8 33. Ke1 Rdd8 34. Qg2 Rf8
35. Qf2 Rfd8 36. Nb2 Rxd2 37. Rxd2 Bd6 38. Nd3 Qe7 39. Kf1 Qc7 40. Rd1 Qe7 41.
Kg2 Qc7 42. Kf1 Qe7 43. Ke1 Qc7 44. Rd2 Qe7 45. Kd1 Rc7 46. Kc1 Nc8 47. Qg2 Na7
48. Qf2 Nc8 49. Rd1 Nb6 50. g4 Nd7 51. h5 Rc8 52. Rg1 Rf8 53. Rd1 Rc8 54. Kc2
Nf6 55. g5 hxg5 56. Qg2 Nxh5 57. Bxg5 Qf7 58. Be3 Nf4 59. Bxf4 exf4 60. e5 Bf8
61. Re1 Qd7 62. Nxf4 Qd4 63. Qd2 Qxd2+ 64. Kxd2 Kf7 65. Rg1 Rd8+ 66. Ke2 Rd4 67.
Nd3 Rh4 68. Ke3 g5 69. Nf2 Rh2 70. Rd1 Bg7 71. Ng4 Rb2 72. Rd3 Kg6 73. Ke4 Rb1
74. Rd6 Re1+ 75. Ne3 Kf7 76. Rd7+ Kf8 77. Rc7 Bxe5 78. Kxe5 Rxe3+ 79. Kf6 Rxf3+
80. Kxe6 g4 81. Rxc5 g3 82. Rxa5 Rxb3 83. Rg5 Rc3 84. Kd5 b3 85. Rf5+ Ke7 86.
Re5+ Kd8 87. Re1 b2 88. Rb1 g2 0-1

[Event "31st World Senior 65+"]
[Site "Citta del Mare ITA"]
[Date "2023.11.03"]
[Round "9.3"]
[White "Nunn, John D M"]
[Black "Renman, Nils-Gustaf"]
[Result "1-0"]
[WhiteTitle "GM"]
[BlackTitle "IM"]
[WhiteElo "2560"]
[BlackElo "2324"]
[WhiteFideId "400017"]
[BlackFideId "1700367"]
[EventDate "2023.10.25"]

1. e4 e6 2. d4 d5 3. Nc3 Bb4 4. e5 c5 5. a3 Bxc3+ 6. bxc3 Ne7 7. a4 Qa5 8. Bd2
Nbc6 9. Nf3 Bd7 10. Be2 f6 11. c4 Qc7 12. cxd5 Nxd5 13. exf6 gxf6 14. c3 Rg8 15.
O-O O-O-O 16. a5 e5 17. a6 Bh3 18. axb7+ Kb8 19. g3 e4 20. Re1 e3 21. Bxe3 Nxe3
22. Qa4 Nd5 23. Qa3 Rge8 24. Bb5 Rxe1+ 25. Nxe1 Nde7 26. Nd3 Kxb7 27. d5 Rxd5
28. Nf4 Bd7 29. Qb3 Na5 30. Qb1 Bxb5 31. Nxd5 Nxd5 32. Qxb5+ Qb6 33. Rxa5 Qxb5
34. Rxb5+ Kc6 35. c4 Nb6 36. Ra5 Nxc4 37. Rxa7 Nd2 38. f4 Kd5 1-0